Normal view
MARC view
- POLLUTION CONTROL PROCESSES; ENVIORNMENT ENGINEERING
Entry Topical Term
001 - CONTROL NUMBER
- control field: 58144
003 - CONTROL NUMBER IDENTIFIER
- control field: NUST
005 - DATE AND TIME OF LATEST TRANSACTION
- control field: 20210628202052.0
008 - FIXED-LENGTH DATA ELEMENTS
- fixed length control field: 210628|| aca||aabn | a|a d
040 ## - CATALOGING SOURCE
- Original cataloging agency: NUST
- Transcribing agency: NUST
150 ## - HEADING--TOPICAL TERM
- Topical term or geographic name entry element: POLLUTION CONTROL PROCESSES; ENVIORNMENT ENGINEERING
670 ## - SOURCE DATA FOUND
- Source citation: Work cat.: (NUST): Noyes, Robert 6475, Handbook of pollution control processes, 2001
